All Warzone Operators - Statistics

General Stats
  • This quiz has been taken 154 times
    29 since last reset
  • The average score is 23 of 97
Answer Stats
Faction Operator % Correct
SAS Ghost
89%
SAS Price
74%
Shadow Company Roze
53%
Warcom Alex
47%
Chimera Farah
47%
Spetsnaz Nikto
47%
SAS Charly
42%
Chimera Krueger
42%
Warcom Mara
42%
SAS Soap
42%
NATO Adler
37%
Demon Dogs Alice
37%
Jackals Azur
37%
Demon Dogs D-Day
37%
SAS Gaz
37%
Warcom Ronin
37%
NATO Woods
37%
Yeti Anna
32%
Jackals Grinch
32%
Warsaw Pact Jackal
32%
NATO Mason
32%
Spetsnaz Minotaur
32%
SAS Otter
32%
Executioners Snoop
32%
Warsaw Pact Stone
32%
Spetsnaz Bale
26%
Warcom Domino
26%
Warcom Golem
26%
Chimera Iskra
26%
Shadow Company Lerch
26%
Jackals Mace
26%
Warcom Morte
26%
Chimera Nikolai
26%
NATO Park
26%
Shadows Polina
26%
Demon Dogs Raines
26%
Chimera Syd
26%
Shadow Company Velikan
26%
Warsaw Pact Wraith
26%
Immortal Butcher
21%
Hellhounds Daniel
21%
Warsaw Pact Garcia
21%
Trident Francis
21%
Demon Dogs Griggs
21%
NATO Hunter
21%
Warsaw Pact Portnova
21%
Spetsnaz Rodion
21%
Warsaw Pact Stitch
21%
SAS Thorne
21%
Warcom Wyatt
21%
Jackals Zane
21%
Sentinel Arthur
16%
Barbarians Beatrice
16%
Sentinel Constanze
16%
Harpy Florence
16%
Warsaw Pact Ghostface
16%
Yeti Gustavo
16%
Warsaw Pact Knight
16%
NATO Lazar
16%
Trident Lewis
16%
Barbarians Lucas
16%
Harpy Mateo
16%
Warsaw Pact Naga
16%
Sentinel Padmavati
16%
NATO Rambo
16%
NATO Rivas
16%
Barbarians Roland
16%
NATO Sims
16%
Shadows Solange
16%
NATO Song
16%
NATO Stryker
16%
Warcom Talon
16%
NATO Weaver
16%
NATO Wolf
16%
Chimera Yegor
16%
Warsaw Pact Antonov
11%
NATO Baker
11%
Warsaw Pact Beck
11%
NATO Bulldozer
11%
Warsaw Pact Fuze
11%
Hellhounds Halima
11%
Immortal Hendry
11%
NATO Hudson
11%
Trident Isabella
11%
Harpy Kim
11%
Warsaw Pact Kitsune
11%
NATO Maxis
11%
NATO McClane
11%
Immortal Olowe
11%
Warsaw Pact Powers
11%
NATO Salah
11%
Shadows Shigenori
11%
Demon Dogs Sparks
11%
Yeti Thomas
11%
Warsaw Pact Vargas
11%
Hellhounds Wade
11%
NATO Zeyna
11%
No matching quizzes found
Score Distribution
Percent of People with Each Score
Percentile by Number Answered
Your Score History
You have not taken this quiz since the last reset